Same, but different #22 - Statistics

General Stats
  • This quiz has been taken 19 times
  • The average score is 11 of 15
Answer Stats
Clues Answer % Correct
Granny Smith is a variety of these, or, in man, Adams is found in the throat Apple
100%
A variety of lettuce, or, the thing which sank the Titanic Iceberg
100%
An angle of 90 degrees, or, proverbially, two wrongs, don't make one of these Right
100%
Jerry's feline 'friend', or, can precede tom, Thumb, or boy Tom
100%
Flanagan and Allen sang about 'Underneath' these, McDonald's has famous golden ones Arches
93%
An uppercase letter can be called this, or, the principal city of a country Capital
93%
A derogatory word for a person from France, or, Kermit, is one of these Frog
93%
The 'R' in VCR, or a woodwind instrument Recorder
93%
A type of tooth, or, a word meaning, related to dogs Canine
87%
To make coinage, or, a menthol herb? Mint
87%
Before Cross, it's a railway station, before College, it's a college of Oxford Kings
53%
Can mean a male goat, or a breed of dog Billy
40%
Used in needlework, or, a retired piece, in the game of Monopoly Thimble
40%
The thing in front of your front door, or, a large chunk of bread Doorstep
20%
Teabags are this, or this can happen to your eardrum Perforated
20%
No matching quizzes found
Score Distribution
Percent of People with Each Score
Percentile by Number Answered
Your Score History
You have not taken this quiz